Statistics for Countries within 200km of the Netherlands

Click here to take the quiz!

General Stats

  • This quiz has been taken 41 times
  • The average score is 8 of 10

Answer Stats

Distance (km)Distance (mi)Answer% Correct
00France
100%
00Germany
100%
13383United Kingdom
100%
00Belgium
97%
6440Luxembourg
95%
13986United States
74%
138St Kitts and Nevis
66%
2717Venezuela
66%
12980Colombia
63%
11471Antigua and Barbuda
61%

Score Distribution

Percentile by Number Answered

Percent of People with Each Score

Your Score History

You have not taken this quiz